| 000 | 00000nam##2200000za#4500 |
| 001 | 9.651580 |
| 003 | CaOODSP |
| 005 | 20240527135428 |
| 007 | ta |
| 008 | 150407|2009||||xxc||||| f|0| 0 eng|d |
| 020 | |a978-1-100-12562-6 |
| 040 | |aCaOODSP|beng |
| 043 | |an-cn--- |
| 086 | 1 |aCW66-170/2009E |
| 110 | 2 |aCanadian Wildlife Service. |
| 245 | 14|aThe piping plover in eastern Canada |
| 260 | |aDartmouth - Nova Scotia : |bEnvironment Canada. |c[2009]. |
| 300 | |a1 folded sheet ([10]p.) : |bcoloured illus. ; |c22 cm. |
| 563 | |aPamphlet |
| 590 | |a10-02|b2010-01-15 |
| 775 | 08|tLe pluvier siffleur dans l'est du Canada |w(CaOODSP)9.684599 |
| 776 | 0#|tThe piping plover in eastern Canada |w(CaOODSP)9.692154 |